Sklízecí řezačka SŘZ - 42 /

Hlavní autor: Jeřábek, Evžen
Jazyk: Čeština
Vydáno: Chodov u Prahy : Agrotechna, 1961
Edice: Zemědělské stroje
Témata:
Fyzický popis: 36 s., příl.
Knihy
Uloženo v:
LEADER 00993nam a22002892a 4500
001 000624907
003 CZ BrMZK
005 20180917085434.0
007 ta
008 020924s1961 xr f f cze d
015 |a cnb000612360 
040 |a BOA001  |b cze  |c BOA001 
072 7 |a 631  |x Zemědělství. Pedologie. Agrotechnika. Agroekologie  |2 Konspekt  |9 24 
080 |a 631.3  |2 MRF 
080 |a (035)  |2 MRF 
100 1 |a Jeřábek, Evžen  |7 jx20040720196  |4 aut 
245 1 0 |a Sklízecí řezačka SŘZ - 42 /  |c E. Jeřábek 
260 |a Chodov u Prahy :  |b Agrotechna,  |c 1961 
300 |a 36 s., příl. 
490 1 |a Zemědělské stroje ;  |v sv. 26/61 
650 0 7 |a zemědělské stroje  |7 ph116768  |2 czenas 
653 0 |a sklízecí řezačky  |a SŘZ-42 (sklízecí řezačka) 
655 7 |a příručky  |7 fd133209  |2 czenas 
830 0 |a Zemědělské stroje 
910 |a BOA001  |b 2-0471.326 
990 |a BK 
996 6 |b 2619694275  |c 2-0471.326  |l MZK  |r Sklad / do 24 hodin  |n 1  |w 000624907  |u 000010  |a 1  |e BOA001  |j MZK50  |s P